La nación mexicana frente a los monopolios (Record no. 107101)
[ view plain ]
| 000 -LEADER | |
|---|---|
| fixed length control field | 01187nam a22002897a 4500 |
| 005 - DATE AND TIME OF LATEST TRANSACTION | |
| control field | 20250529141327.0 |
| 008 - FIXED-LENGTH DATA ELEMENTS--GENERAL INFORMATION | |
| fixed length control field | 250529b mx |||||||| |||| 0spa|d |
| 020 ## - INTERNATIONAL STANDARD BOOK NUMBER | |
| International Standard Book Number | 9789682326912 (rústica) |
| 020 ## - INTERNATIONAL STANDARD BOOK NUMBER | |
| International Standard Book Number | 9789682327094 (pasta dura) |
| 050 04 - LIBRARY OF CONGRESS CALL NUMBER | |
| Classification number | HC135 |
| Item number | C43 2007 |
| 100 1# - MAIN ENTRY--PERSONAL NAME | |
| Personal name | Ceceña Cervantes, José Luis |
| 245 13 - TITLE STATEMENT | |
| Title | La nación mexicana frente a los monopolios |
| Statement of responsibility, etc | / José Luis Ceceña ; Ana Esther Ceceña y Raúl Ornelas, compiladores. |
| 250 ## - EDITION STATEMENT | |
| Edition statement | 1a ed. |
| 260 ## - PUBLICATION, DISTRIBUTION, ETC. (IMPRINT) | |
| Place of publication, distribution, etc | México : |
| Name of publisher, distributor, etc | Siglo Veintiuno Editores : |
| -- | El Colegio de Sinaloa : |
| -- | Universidad Nacional Autónoma de México, Instituto de Investigaciones Económicas, |
| Date of publication, distribution, etc | 2007 |
| 300 ## - PHYSICAL DESCRIPTION | |
| Extent | 476 p. : |
| Other physical details | il. ; |
| Dimensions | 23 cm. |
| 490 0# - SERIES STATEMENT | |
| Series statement | Los Once Ríos |
| 490 0# - SERIES STATEMENT | |
| Series statement | Biblioteca El Colegio de Sinaloa / coordinador Jaime Labastida. |
| 500 ## - GENERAL NOTE | |
| General note | Incluye índice |
| 650 #4 - SUBJECT ADDED ENTRY--TOPICAL TERM | |
| Topical term or geographic name as entry element | Monopolios industriales |
| Geographic subdivision | México |
| 650 #4 - SUBJECT ADDED ENTRY--TOPICAL TERM | |
| Topical term or geographic name as entry element | Periodismo |
| Geographic subdivision | México |
| General subdivision | Aspectos económicos |
| 651 #7 - SUBJECT ADDED ENTRY--GEOGRAPHIC NAME | |
| Source of heading or term | lemb |
| Geographic name | México |
| General subdivision | Condiciones económicas |
| Chronological subdivision | Siglo XX |
| 651 #7 - SUBJECT ADDED ENTRY--GEOGRAPHIC NAME | |
| Source of heading or term | lemb |
| Geographic name | México |
| General subdivision | Política económica |
| Chronological subdivision | Siglo XX |
| 700 1# - ADDED ENTRY--PERSONAL NAME | |
| Personal name | Ceceña, Ana Esther |
| Relator term | compilador. |
| 700 1# - ADDED ENTRY--PERSONAL NAME | |
| Personal name | Ornelas, Raúl |
| Relator term | compilador. |
| 942 ## - ADDED ENTRY ELEMENTS (KOHA) | |
| Source of classification or shelving scheme | Biblioteca del Cogreso de los Estados Unidos |
| Koha item type | Libro |
| Estado de pérdida | Fuente de clasificación | Estado del daño | No para préstamo | Ubicación permanente | Ubicación actual | Apartado o colección | Fecha de adquisición | Fuente de adquisición | Edición | Enumeración de Serie / Cronológica | Dependencia de educación superior (DES) | Área del conocimiento | Clasificación | Código de Barras | Date last seen | Número de copia | Costo por reposición | Tipo de recurso | Total Checkouts |
|---|---|---|---|---|---|---|---|---|---|---|---|---|---|---|---|---|---|---|---|
| Biblioteca del Cogreso de los Estados Unidos | Uso interno Biblioteca | Biblioteca de la Facultad de Economía | Biblioteca de la Facultad de Economía | General | 29/05/2025 | Unidad Académica | 1a ed. | Ciencias Económico Administrativas | Ciencias Sociales y Administrativas | HC135 C434 2007 | BFE000002787 | 26/02/2018 | 1 | 1.00 | Libro | ||||
| Biblioteca del Cogreso de los Estados Unidos | Biblioteca de la Facultad de Economía | Biblioteca de la Facultad de Economía | General | 29/05/2025 | Unidad Académica | 1a ed. | Ciencias Económico Administrativas | Ciencias Sociales y Administrativas | HC135 C434 2007 | BFE000015942 | 28/03/2023 | 2 | 1.00 | Libro |